00912cam a22002291a 4500001001300000003000400013005001700017008004100034010001700075035002000092040001800112042001200130050002000142100003600162245019600198260005400394300002500448500001800473500013600491600001800627600003700645ca 29000690 DLC20260227111122.0860918s1929 ilu 000 0 eng  aca 29000690  a(OCoLC)14234049 aDLCcWHidDLC apremarc00aCS71.S457b19291 aStewart, Charles Leslie,d1890-10aSelby family notes :bsome materials for the 1929 reunion of families having members descended from Martha Damarias Selby Brooks and from Josias Wright Brooks /cedited by Charles L. Stewart. aBement, Ill. :bDistributed by S.A. Clark,c1929. a[1], 14 l. ;c28 cm. aType-written. a"The body of this publication, the ... Genealogy of the Selbys and historical data, is a legacy of the Hon. Thomas Henry Selby ..."30aSelby family.10aSelby, Thomas Henry,d1820-1875.